Paises ganadores de mundial - Estadísticas

Estadísticas generales
  • Esta prueba ha sido intentada 219 veces
  • La puntuación promedio es 20 de 22
Estadísticas de respuestas
Año Sede País % Correcto
2014 Brasil Alemania
100%
2022 Catar Argentina
100%
2010 Sudáfrica España
100%
2018 Rusia Francia
99%
2002 Corea del Sur / Japón Brasil
97%
1998 Francia Francia
97%
2006 Alemania Italia
97%
1994 Estados Unidos Brasil
96%
1986 México Argentina
95%
1990 Italia Alemania
92%
1970 México Brasil
92%
1982 España Italia
92%
1930 Uruguay Uruguay
92%
1978 Argentina Argentina
90%
1974 Alemania Alemania
89%
1962 Chile Brasil
89%
1954 Suiza Alemania
88%
1958 Suecia Brasil
87%
1966 Inglaterra Inglaterra
87%
1934 Italia Italia
87%
1938 Francia Italia
86%
1950 Brasil Uruguay
83%
No se encontraron pruebas coincidentes
Distribución de puntuación
Porcentaje de gente con cada puntuación
Porcentaje por número respondido
Historial de tus puntuaciones
No has intentado esta prueba.